Zobrazenie úrovne riadenia vo finančných výsledkoch podnikov

Skúmanie finančných výsledkov slovenských podnikov. Súčasná finančná situácia slovenských podnikov. Podrobnou analýzou finančných výsledkov podnikov členených podľa jednotlivých odvetví a veľkosti je možné získať presnejšie podklady pre prípravu vhodne cielených programov rozvoja slovenskej ekonomik...

Full description

Saved in:
Bibliographic Details
Main Author: Tóthová, Alena, 1968-
Format: Book Chapter
Language:Slovak
Subjects:
Tags: Add Tag
No Tags, Be the first to tag this record!

MARC

LEADER 00000nla a2200000 4500
001 0201892
005 20240502073412.8
041 0 |a slo 
044 |a SK 
245 1 0 |a Zobrazenie úrovne riadenia vo finančných výsledkoch podnikov  |c Alena Tóthová 
520 |a Skúmanie finančných výsledkov slovenských podnikov. Súčasná finančná situácia slovenských podnikov. Podrobnou analýzou finančných výsledkov podnikov členených podľa jednotlivých odvetví a veľkosti je možné získať presnejšie podklady pre prípravu vhodne cielených programov rozvoja slovenskej ekonomiky. 
610 2 0 |a podnik 
610 2 0 |a hospodárstvo podniku finančné 
610 2 0 |a výsledok hospodársky 
610 2 0 |a ukazovatele finančné 
610 2 0 |a účtovníctvo finančné 
610 2 0 |a účtovníctvo manažérske 
610 2 0 |a rozhodovanie manažérske 
100 1 |a Tóthová, Alena, 1968-